| 000 | 01087nam a2200217Ia 4500 | ||
|---|---|---|---|
| 003 | Ost | ||
| 005 | 20260507075741.0 | ||
| 008 | 260507s9999||||xx |||||||||||||| ||und|| | ||
| 040 | _cfsecg | ||
| 041 | _aara | ||
| 082 | _a346.02 | ||
| 100 |
_aطلبة، أنور _eمؤلف |
||
| 245 | 0 |
_aالعقود الصغيرة عقد التأمين : _bأركان عقد التأمين-فسخ وبطلان التأمين-أنواع التأمين-دعوى الرجوع-التقادم / _c أنور طلبة |
|
| 260 |
_aالاسكندرية: _bالمكتب الجامعي الحديث, _c2004 |
||
| 300 |
_a427 صفحة؛ _bإيضاحات ؛ _c25 سم |
||
| 490 | _aالمكتبة القانونية | ||
| 520 | _aعقد التأمين،أحكام التأمين،الدعاوي الناشئة عن عقد التأمين،تقادم الدعاوي الناشئة عن عقد التأمين،الوقائع التي لاتخضع للتقادم الثلاثي،آثار عقد التأمين | ||
| 653 | _aالعقود الادارية | ||
| 653 | _aعقد التأمين | ||
| 942 | _cكتاب | ||
| 999 |
_c46138 _d46138 |
||